Normal view
MARC view
- Clason S. George
Entry Personal Name
001 - CONTROL NUMBER
- control field: 7765
003 - CONTROL NUMBER IDENTIFIER
- control field: OSt
005 - DATE AND TIME OF LATEST TRANSACTION
- control field: 20240405094419.0
008 - FIXED-LENGTH DATA ELEMENTS
- fixed length control field: 240405|| aca||aabn | a|a d
040 ## - CATALOGING SOURCE
- Original cataloging agency: OSt
- Transcribing agency: OSt
100 ## - HEADING--PERSONAL NAME
- Personal name: Clason S. George
670 ## - SOURCE DATA FOUND
- Source citation: Work cat.: (OSt)12564: Clason S. George, The Richest Man in Babylon, 2023